1614 1859 1730 1401 1709 1816 1083 1218 1868 1648 1383 1611 1988 1754 1532 1585 1598 1720 1780 1563 1657 1554 1611 1612 1426 1270 1179 1305 1386 1700 1367 1065 1729 1293 1906 1997 1234 1303 1323 1324 1175 1558 1477 1521 1923 1783 1506 1255 1632 1744 1404 1101 1291 1484 1320 1363 1404 1850 1784 1744 1592 1997 1373 1333 1801 1544 1818 1843 1049 1723 1136 1865 1006 1420 1085 1497 1691 1775 1746 1069 1184 1751 1257 1110 1921 1676 1919 1597 1256 1716 1181 1018 1707 1936 1901 1999 1618 1086 1343 BCNSPRNW ULIB Ver.6.0+V

เปลี่ยนเป็นภาษาไทย

Change to English
 แสดงรายละเอียดบรรณานุกรม
  กลับหน้าหลัก

Brief Record : Get Marc (ISO 2709) : E-mail record : QR code < ปิดหน้าต่าง
LEADER : 00000nam 2200000uu 4500
001    13399113166
003     ULIB
008    110930s2550||||th 000 0 tha d
020    9789749741948
050 04 QA76.75^bก683ค 2550
100 0  กิรสนา หัวนะราษฎร์
245 10 คู่มือ + DVD Windows Vista /^cกิรสนา หัวนะราษฎร์
250    พิมพ์ครั้งที่ 1
260    กรุงเทพฯ :^bโปรวิชั่น,^c2550
300    220 หน้า :^bภาพประกอบ +^eดีวีดี 2 แผ่น
650  7 ไมโครซอฟต์วินโดวส์วิสต้า
650  7 ระบบปฏิบัติการ (คอมพิวเตอร์)
945    ^p169^l0^i022891
995    ทศพร
999 ^a ทศพร
รายการนี้ยังไม่มีแท็ก
คุณยังไม่ได้ล็อกอิน คุณสามารถมีกิจกรรมร่วมกับเว็บไซต์ได้ แต่ต้องล็อกอินก่อน ::
  ล็อกอิน

รายการสื่อสารสนเทศ

ลำดับที่ ประเภท เลขเรียก/บาร์โค้ด สถานที่ สถานะ
- ไม่พบข้อมูล -

รายการใกล้เคียง
    หัวเรื่อง [ไมโครซอฟต์วินโดวส์วิสต้า]
    หัวเรื่อง [ระบบปฏิบัติการ (คอมพิวเตอร์)]

BibComment


ยังไม่เคยถูกคอมเมนท์

คอมเมนท์ทรัพยากรรายการนี้
  คอมเมนท์: คู่มือ DVD Windo..


 Copyright 2026. Bcnsprnw @Library